Statistics for Muscles

Click here to take the quiz!

General Stats

  • This quiz has been taken 14 times
  • The average score is 26 of 70

Answer Stats

LocationAnswer% Correct
Shoulder and ArmBiceps Brachii
90%
Abdominal, Back, and ChestTrapezius
90%
Shoulder and ArmDeltoid
80%
Pelvis and LegGastrocnemius
80%
Abdominal, Back, and ChestPectoralis Major
80%
Shoulder and ArmTriceps Brachii
80%
Pelvis and LegGluteus Maximus
70%
Abdominal, Back, and ChestPectoralis Minor
70%
Abdominal, Back, and ChestTeres Major
70%
Abdominal, Back, and ChestTeres Minor
70%
Pelvis and LegAdductor Magnus
60%
Pelvis and LegBiceps Femoris
60%
Pelvis and LegGracilis
60%
Head and NeckMasseter
60%
Pelvis and LegSartorius
60%
Abdominal, Back, and ChestSubscapularis
60%
Head and NeckTemporalis
60%
Pelvis and LegTibialis Anterior
60%
Pelvis and LegVastus Lateralis
60%
Pelvis and LegVastus Medialis
60%
Shoulder and ArmExtensor Digitorum
50%
Pelvis and LegSemitendinosus
50%
Pelvis and LegSoleus
50%
Head and NeckSternocleidomastoid
50%
Pelvis and LegTibialis Posterior
50%
Shoulder and ArmBrachioradialis
40%
Head and NeckBuccinator
40%
Shoulder and ArmFlexor Carpi Radialis
40%
Shoulder and ArmFlexor Carpi Ulnaris
40%
Pelvis and LegGluteus Medius
40%
Head and NeckPlatysma
40%
Pelvis and LegRectus Femoris
40%
Abdominal, Back, and ChestSerratus Anterior
40%
Shoulder and ArmSupraspinatus
40%
Pelvis and LegVastus Intermedius
40%
Head and NeckOrbicularis Oris
30%
Abdominal, Back, and ChestRhomboids
30%
Head and NeckZygomaticus Major
30%
Head and NeckZygomaticus Minor
30%
Head and NeckDepressor Anguli Oris
20%
Abdominal, Back, and ChestDiaphragm
20%
Head and NeckEpicranius
20%
Shoulder and ArmExtensor Carpi Radialis Longus
20%
Abdominal, Back, and ChestExternal Abdominal Obliques
20%
Abdominal, Back, and ChestExternal Intercoastals
20%
Pelvis and LegFlexor Digitorum Longus
20%
Abdominal, Back, and ChestInternal Abdominal Obliques
20%
Abdominal, Back, and ChestInternal Intercoastals
20%
Head and NeckMentalis
20%
Head and NeckOrbicularis Oculi
20%
Shoulder and ArmPalmaris Longus
20%
Shoulder and ArmPronator Teres
20%
Abdominal, Back, and ChestRectus Abdominus
20%
Shoulder and ArmSupinator
20%
Pelvis and LegTensor Fasciae Latae
20%
Abdominal, Back, and ChestTransverse Abdominus
20%
Shoulder and ArmAnconeus
10%
Head and NeckDepressor Labii Inferioris
10%
Head and NeckDigastric
10%
Pelvis and LegExtensor Digitorum Longus
10%
Shoulder and ArmFlexor Digitorum Superficialis
10%
Abdominal, Back, and ChestLatissiumus Dorsi
10%
Head and NeckLevator Labii Superioris
10%
Pelvis and LegPeroneus Longus
10%
Shoulder and ArmPronator Quadratus
10%
Pelvis and LegSemimembranous
10%
Abdominal, Back, and ChestSternohyoid
10%
Shoulder and ArmCoracobracialis
0%
Shoulder and ArmFlexor Policis Longus
0%
Shoulder and ArmIntraspinatus
0%

Score Distribution

Percentile by Number Answered

Percent of People with Each Score

Your Score History

You have not taken this quiz